000
00331nam a2200157Ia 4500
001
23623
003
IN-NITTTR
005
20251114233305.0
008
251113s9999||||xx |||||||||||||| ||eng||
040
_b
eng
040
_c
IN-NITTTR
041
_a
eng
082
_a
912 P53
245
0
_a
Philip's world atlas. /
942
_2
ddc
_c
BK
999
_c
26252
_d
26252